Comité costarricense de solidaridad con el pueblo de Guatemala
Bewaard in:
| Formaat: | Boek |
|---|---|
| Taal: | Spanish |
| Tags: |
Voeg label toe
Geen labels, Wees de eerste die dit record labelt!
|
MARC
| LEADER | 00000nam a22000007a 4500 | ||
|---|---|---|---|
| 003 | cru CIDCACS/IIS | ||
| 005 | 20191206151054.0 | ||
| 007 | ta | ||
| 008 | 191206s1980 cr |||||r||||||0| ||spa|d | ||
| 999 | |c 42731 |d 42731 | ||
| 040 | |c cru CIDCACS/IIS | ||
| 245 | 0 | |a Comité costarricense de solidaridad con el pueblo de Guatemala | |
| 300 | |a páginas 3-4 | ||
| 942 | |2 ddc |c PP | ||
| 773 | 0 | |0 42204 |9 4022 |a Comisión Centroamericana de Derechos Humanos (Costa Rica) |d San José, Costa Rica: Comisión Centroamericana de Derechos Humanos |o 17738 |t Denuncia y Solidaridad/ | |
